000 00710nam a2200241 a 4500
001 23150
003 CO-ViMGA
008 141112s2004 ck r 000 u spa d
020 _a9701511174
040 _aCO-ViMGA
_bspa
_cCO-ViMGA
082 0 4 _a621.381 B657m1
100 1 _aBolton, William K.
_933341
245 1 0 _aMecatrónica :
_bsistemas de control electrónico en la ingeniería mecánica y eléctrica
250 _a3ed.
260 _aMéxico :
_bAlfaomega
300 _a574 p.
650 1 4 _aCONTROL AUTOMATICO
_947672
650 1 4 _aCONTROL ELECTRONICO
_952648
650 1 4 _aINGENIERI ELECTRICA
_933342
650 1 4 _aINGENIERIA MECANICA
_912888
650 1 4 _aMECATRONICA
_933343
942 _2ddc
_cBK
999 _c31403
_d31403